000 00694nam a2200181Ia 4500
008 151018s9999 xx 000 0 und d
082 _bRBASDV41270
_a891.431
100 _aसुभाष मुखोपाध्याय
245 _aचाहे जितनी दूर जाऊॅ
250 _b1
260 _bसाहित्य अकादेमी मुंबई
_c1996
300 _a79
600 _aसुभाष मुखोपाध्याय
630 _aचाहे जितनी दूर जाऊॅ
700 _aसुभाष मुखोपाध्याय
730 _aचाहे जितनी दूर जाऊॅ
942 _cBOOK
999 _c1040542
_d1040539